San Francisco Bay Area Rapid Transit (BART) Lines - Statistics

General Stats
  • This quiz has been taken 21 times
  • The average score is 10 of 12
Answer Stats
Picture Answer % Correct
Antioch
95%
OAK/Oakland Airport
90%
Daly City
85%
Richmond
85%
Berryessa
80%
Berryessa
80%
Coliseum
80%
Dublin/Pleasanton
80%
Millbrae
80%
SFO/San Francisco Airport/San Francisco International Airport
80%
Daly City
75%
Richmond
75%
No matching quizzes found
Score Distribution
Percent of People with Each Score
Percentile by Number Answered
Your Score History
You have not taken this quiz